[Event "Pardubice Czech op-A 23rd"]
[Site "Pardubice"]
[Date "2012.07.22"]
[Round "3"]
[White "Talla, Vladimir"]
[Black "Didenko, Sergei"]
[Result "1-0"]
[WhiteElo "2388"]
[BlackElo "2233"]
[PlyCount "75"]
[EventDate "2012.07.12"]
[EventType "swiss"]
[EventRounds "9"]
[EventCountry "CZE"]
[SourceTitle "CBM 149 Extra"]
[Source "ChessBase"]
[SourceDate "2012.08.24"]
[SourceVersion "1"]
[SourceVersionDate "2012.08.24"]
[SourceQuality "1"]

1. c4 e5 2. g3 Nf6 3. Bg2 d5 4. cxd5 Nxd5 5. Nc3 Nb6 6. Nf3 Nc6 7. 0-0 Be7 8. a3 a5 9. d3 Be6 10. Be3 Nd5 11. Nxd5 Bxd5 12. Qa4 0-0 13. Rac1 f6 14. Bc5 Kh8 15. Rfe1 b6 16. Bxe7 Nxe7 17. e4 Bb7 18. d4 exd4 19. Nxd4 Qc8 20. Nb5 c5 21. Rcd1 Bc6 22. Qc4 Bxb5 23. Qxb5 Rb8 24. Rd6 Qc7 25. e5 Nf5 26. Rd7 Nd4 27. Qa4 Qc8 28. e6 Re8 29. Bd5 b5 30. Qxa5 Nxe6 31. Qa7 Nc7 32. Rxe8+ Nxe8 33. Rf7 h5 34. Rf8+ Kh7 35. Be4+ Kh6 36. Rh8+ Kg5 37. f4+ Kg4 38. Kg2 1-0

[Event "Marianske Lazne op 11th"]
[Site "Marianske Lazne"]
[Date "2012.01.28"]
[Round "9"]
[White "Didenko, Sergei"]
[Black "Volodin, Viktor Nikolaevich"]
[Result "1-0"]
[WhiteElo "2205"]
[BlackElo "2209"]
[PlyCount "59"]
[EventDate "2012.01.21"]
[EventType "swiss"]
[EventRounds "9"]
[EventCountry "CZE"]
[SourceTitle "CBM 146 Extra"]
[Source "ChessBase"]
[SourceDate "2012.02.29"]
[SourceVersion "1"]
[SourceVersionDate "2012.02.29"]
[SourceQuality "1"]

1. e4 c5 2. Nc3 Nc6 3. Bb5 g6 4. Bxc6 dxc6 5. d3 Bg7 6. Be3 b6 7. Qd2 e5 8. Nge2 Be6 9. b3 Ne7 10. Bh6 0-0 11. Bxg7 Kxg7 12. 0-0 f6 13. f4 exf4 14. Nxf4 Qd7 15. Nce2 Rae8 16. Rae1 Bg4 17. Ng3 Qd4+ 18. Kh1 Ng8 19. h3 Bc8 20. Rf3 Ne7 21. Ref1 f5 22. c3 Qd6 23. d4 cxd4 24. cxd4 fxe4 25. Nfh5+ gxh5 26. Nxh5+ Kg8 27. Rf6 e3 28. Qxe3 Nf5 29. Qg5+ Kh8 30. Rxd6 1-0

[Event "Central FO-ch"]
[Site "Gagarin"]
[Date "2009.05.07"]
[Round "9"]
[White "Khalukov, Yury"]
[Black "Didenko, Sergei"]
[Result "1/2-1/2"]
[WhiteElo "2276"]
[BlackElo "2123"]
[PlyCount "34"]
[EventDate "2009.05.01"]
[EventType "swiss"]
[EventRounds "9"]
[EventCountry "RUS"]
[SourceTitle "CBM 130 Extra"]
[Source "ChessBase"]
[SourceDate "2009.07.02"]
[SourceVersion "2"]
[SourceVersionDate "2009.07.15"]
[SourceQuality "1"]

1. d4 d5 2. c4 e5 3. e3 exd4 4. exd4 Nc6 5. Nf3 Nf6 6. Be2 Bb4+ 7. Nc3 0-0 8. 0-0 dxc4 9. Bxc4 Bg4 10. Be3 Rb8 11. Be2 Nd5 12. Nxd5 Qxd5 13. Rc1 Rbd8 14. a3 Be7 15. h3 Bh5 16. Ne5 Bxe2 17. Nxc6 Qxc6 1/2-1/2

[Event "Central FO-ch"]
[Site "Gagarin"]
[Date "2009.05.04"]
[Round "5"]
[White "Pecheritsa, Vitaly"]
[Black "Didenko, Sergei"]
[Result "1-0"]
[WhiteElo "2318"]
[BlackElo "2123"]
[PlyCount "35"]
[EventDate "2009.05.01"]
[EventType "swiss"]
[EventRounds "9"]
[EventCountry "RUS"]
[SourceTitle "CBM 130 Extra"]
[Source "ChessBase"]
[SourceDate "2009.07.02"]
[SourceVersion "2"]
[SourceVersionDate "2009.07.15"]
[SourceQuality "1"]

1. e4 d5 2. exd5 Nf6 3. Nf3 Qxd5 4. d4 Bg4 5. Be2 Nc6 6. c4 Qf5 7. Be3 0-0-0 8. Nbd2 e6 9. 0-0 Rg8 10. a3 g5 11. Qa4 Bd6 12. Rfe1 Bf4 13. Nf1 Ne4 14. Rad1 Bxf3 15. Bxf3 g4 16. Bxe4 Qxe4 17. b4 Kb8 18. d5 1-0

[Event "RUS-chB U18"]
[Site "Dagomys"]
[Date "2009.04.19"]
[Round "5"]
[White "Polonsky, Pavel"]
[Black "Didenko, Sergei"]
[Result "1-0"]
[WhiteElo "2109"]
[BlackElo "2123"]
[PlyCount "59"]
[EventDate "2009.04.15"]
[EventType "swiss"]
[EventRounds "9"]
[EventCountry "RUS"]
[SourceTitle "EXT 2010"]
[Source "ChessBase"]
[SourceDate "2010.11.25"]
[SourceVersion "1"]
[SourceVersionDate "2010.11.25"]
[SourceQuality "1"]

1. Nf3 Nf6 2. g3 g6 3. Bg2 Bg7 4. 0-0 0-0 5. d3 d5 6. Nbd2 e6 7. e4 c5 8. Re1 Nc6 9. Qe2 Bd7 10. Nf1 Rc8 11. h3 b6 12. e5 Ne8 13. Bf4 Nc7 14. N1h2 f6 15. Ng4 fxe5 16. Ngxe5 Nxe5 17. Nxe5 Re8 18. h4 Nb5 19. c3 Bc6 20. Qg4 Bxe5 21. Bxe5 Qd7 22. h5 Qf7 23. hxg6 Qxg6 24. Qh4 Rcd8 25. Bf3 Rf8 26. Bh5 Qf5 27. f4 Be8 28. g4 Qxd3 29. Rad1 Qf3 30. Bxe8 1-0

[Event "Gagra op"]
[Site "Gagra"]
[Date "2008.09.26"]
[Round "9"]
[White "Fesenko, Vitaly"]
[Black "Didenko, Sergei"]
[Result "0-1"]
[WhiteElo "2177"]
[BlackElo "2089"]
[PlyCount "44"]
[EventDate "2008.09.18"]
[EventType "swiss"]
[EventRounds "9"]
[EventCountry "GEO"]
[SourceTitle "EXT 2011"]
[Source "ChessBase"]
[SourceDate "2010.11.26"]
[SourceVersion "1"]
[SourceVersionDate "2010.11.26"]
[SourceQuality "1"]

1. e4 c5 2. Nf3 Nc6 3. Nc3 g6 4. d4 cxd4 5. Nxd4 Bg7 6. Be3 Nf6 7. Bc4 Qa5 8. 0-0 0-0 9. Bb3 d6 10. f3 Bd7 11. Qd2 Rfc8 12. Rad1 Ne5 13. Qe2 a6 14. Nd5 Nxd5 15. Bxd5 Rab8 16. f4 Bg4 17. Bxf7+ Kh8 18. fxe5 Bxe2 19. Nxe2 Bxe5 20. Rd5 Qb4 21. Nd4 Qxb2 22. Nf3 Rxc2 0-1

[Event "Gagra op"]
[Site "Gagra"]
[Date "2008.09.21"]
[Round "4"]
[White "Didenko, Sergei"]
[Black "Smelov, Aleksey"]
[Result "1/2-1/2"]
[WhiteElo "2089"]
[BlackElo "2184"]
[PlyCount "63"]
[EventDate "2008.09.18"]
[EventType "swiss"]
[EventRounds "9"]
[EventCountry "GEO"]
[SourceTitle "EXT 2011"]
[Source "ChessBase"]
[SourceDate "2010.11.26"]
[SourceVersion "1"]
[SourceVersionDate "2010.11.26"]
[SourceQuality "1"]

1. Nf3 Nf6 2. g3 d5 3. Bg2 g6 4. d4 Bg7 5. 0-0 0-0 6. Nbd2 Nbd7 7. c4 c6 8. b3 Re8 9. Bb2 Nf8 10. Ne5 Ng4 11. cxd5 Nxe5 12. dxe5 cxd5 13. e4 Be6 14. exd5 Bxd5 15. Ne4 Ne6 16. Qxd5 Qxd5 17. Nf6+ exf6 18. Bxd5 fxe5 19. Bxb7 Rab8 20. Bc6 Rec8 21. Bd7 Rc2 22. Bxe6 Rxb2 23. Bc4 Rd8 24. Rad1 Rdd2 25. b4 Kf8 26. Bb3 e4 27. Rc1 Bd4 28. Rc8+ Kg7 29. Rc7 Rxf2 30. Rxf2 Bxf2+ 31. Kf1 Be3 32. Rxf7+ 1/2-1/2

[Event "Voronezh op-A"]
[Site "Voronezh"]
[Date "2008.06.19"]
[Round "7"]
[White "Batyrov, Sapar"]
[Black "Didenko, Sergei"]
[Result "0-1"]
[WhiteElo "2453"]
[BlackElo "2110"]
[PlyCount "22"]
[EventDate "2008.06.12"]
[EventType "swiss"]
[EventRounds "9"]
[EventCountry "RUS"]
[SourceTitle "CBM 125 Extra"]
[Source "ChessBase"]
[SourceDate "2008.09.01"]
[SourceVersion "1"]
[SourceVersionDate "2008.09.01"]
[SourceQuality "1"]

1. d4 Nf6 2. Nf3 e6 3. c4 Bb4+ 4. Nbd2 b6 5. e3 Bb7 6. Bd3 Ne4 7. 0-0 Nxd2 8. Nxd2 0-0 9. e4 f5 10. exf5 exf5 11. Nf3 a5 0-1

[Event "Voronezh op-A"]
[Site "Voronezh"]
[Date "2008.06.16"]
[Round "5"]
[White "Demidov, Mikhail"]
[Black "Didenko, Sergei"]
[Result "1/2-1/2"]
[WhiteElo "2321"]
[BlackElo "2110"]
[PlyCount "76"]
[EventDate "2008.06.12"]
[EventType "swiss"]
[EventRounds "9"]
[EventCountry "RUS"]
[SourceTitle "CBM 125 Extra"]
[Source "ChessBase"]
[SourceDate "2008.09.01"]
[SourceVersion "1"]
[SourceVersionDate "2008.09.01"]
[SourceQuality "1"]

1. Nf3 Nf6 2. g3 c5 3. Bg2 Nc6 4. c4 g6 5. Nc3 Bg7 6. 0-0 0-0 7. d4 cxd4 8. Nxd4 Nxd4 9. Qxd4 d6 10. Qd3 Rb8 11. Be3 b6 12. Qd2 Bb7 13. Rfd1 Bxg2 14. Kxg2 Qd7 15. b3 Qb7+ 16. f3 Rfd8 17. Rac1 Rd7 18. Bg5 Rc8 19. e4 Rdc7 20. Bxf6 Bxf6 21. Nd5 Rc6 22. Nxf6+ exf6 23. Qf4 b5 24. Rxd6 bxc4 25. Rxc4 Rxc4 26. bxc4 Qb2+ 27. Rd2 Qc3 28. Rd7 Qxc4 29. Qxf6 Qxa2+ 30. Kh3 Rf8 31. Re7 Qf2 32. e5 Qd4 33. f4 Qd1 34. Qg5 Qf1+ 35. Kh4 Qf2 36. h3 Qd4 37. Qf6 Qd1 38. Qg5 Qd4 1/2-1/2

[Event "Voronezh op-A"]
[Site "Voronezh"]
[Date "2008.06.14"]
[Round "3"]
[White "Kachar, Vladimir"]
[Black "Didenko, Sergei"]
[Result "0-1"]
[WhiteElo "2324"]
[BlackElo "2110"]
[PlyCount "118"]
[EventDate "2008.06.12"]
[EventType "swiss"]
[EventRounds "9"]
[EventCountry "RUS"]
[SourceTitle "CBM 125 Extra"]
[Source "ChessBase"]
[SourceDate "2008.09.01"]
[SourceVersion "1"]
[SourceVersionDate "2008.09.01"]
[SourceQuality "1"]

1. Nf3 c5 2. c4 Nc6 3. Nc3 g6 4. g3 Bg7 5. Bg2 e6 6. 0-0 Nge7 7. d3 0-0 8. Bg5 h6 9. Bd2 d5 10. cxd5 exd5 11. Qc1 Kh7 12. Na4 b6 13. Bc3 Be6 14. Bxg7 Kxg7 15. e3 Rc8 16. b3 Kh7 17. Nb2 Qd6 18. Qd1 Nf5 19. Qe2 Qe7 20. Rac1 Qf6 21. Na4 Rfd8 22. Rfd1 Qg7 23. h3 d4 24. e4 Nd6 25. Re1 Nb5 26. Qd2 Nb4 27. e5 Bd5 28. Nh2 Bxg2 29. Kxg2 Re8 30. Nf3 Nc6 31. Qf4 Re6 32. Nb2 Nb4 33. a3 Nd5 34. Qh4 Kg8 35. Nc4 Nbc3 36. b4 Rb8 37. bxc5 bxc5 38. Nfd2 g5 39. Qh5 Qg6 40. Qxg6+ Rxg6 41. Rc2 Kf8 42. Nd6 Ke7 43. N2e4 Nxe4 44. Nxe4 Rc6 45. Rec1 Rb3 46. Rxc5 Rxc5 47. Rxc5 Ke6 48. Rc6+ Kxe5 49. Nc5 Rxa3 50. Nd7+ Kf5 51. Rd6 Rxd3 52. Nc5 Ke5 53. Rxh6 Rc3 54. Nd7+ Ke4 55. f4 d3 56. fxg5 d2 57. Rh4+ Kd3 58. Ne5+ Kc2 59. Rd4 d1Q 0-1

[Event "Voronezh op-B"]
[Site "Voronezh"]
[Date "2008.06.12"]
[Round "1"]
[White "Didenko, Sergei"]
[Black "Kovalenko, Sergey P"]
[Result "1/2-1/2"]
[WhiteElo "2110"]
[BlackElo "2192"]
[PlyCount "84"]
[EventDate "2008.06.12"]
[EventType "swiss"]
[EventRounds "9"]
[EventCountry "RUS"]
[SourceTitle "CBM 125 Extra"]
[Source "ChessBase"]
[SourceDate "2008.09.01"]
[SourceVersion "1"]
[SourceVersionDate "2008.09.01"]
[SourceQuality "1"]

1. Nf3 d5 2. d4 c6 3. Bf4 Nf6 4. e3 Bg4 5. Nbd2 e6 6. h3 Bh5 7. Be2 Bd6 8. Ne5 Bxe2 9. Qxe2 0-0 10. 0-0 Qe7 11. Bg5 Qd8 12. e4 Be7 13. c3 dxe4 14. Bxf6 gxf6 15. Nec4 f5 16. f3 exf3 17. Rxf3 Nd7 18. Ne5 Nxe5 19. dxe5 Kh8 20. Nc4 Bc5+ 21. Kh1 Qg5 22. Rd3 Rad8 23. Rad1 Rd5 24. Nd6 Bxd6 25. exd6 Qf4 26. Rxd5 cxd5 27. c4 Qxd6 28. cxd5 Rd8 29. Qh5 Qe7 30. d6 Qf6 31. Qe2 e5 32. d7 Kg8 33. Rd5 a6 34. Rxe5 Rxd7 35. Re8+ Kg7 36. Qe1 Rd3 37. Qc1 h6 38. Qf4 Qd6 39. Re5 Rd5 40. Rxf5 Qxf4 41. Rxf4 Rd2 42. Rb4 b5 1/2-1/2

[Event "Geller Memorial op-A 3rd"]
[Site "Odessa"]
[Date "2007.09.16"]
[Round "9"]
[White "Goroshkova, Liudmila"]
[Black "Didenko, Sergei"]
[Result "1/2-1/2"]
[WhiteElo "1984"]
[BlackElo "2130"]
[PlyCount "60"]
[EventDate "2007.09.08"]
[EventType "swiss"]
[EventRounds "9"]
[EventCountry "UKR"]
[SourceTitle "CBM 120 Extra"]
[Source "ChessBase"]
[SourceDate "2007.11.01"]
[SourceVersion "1"]
[SourceVersionDate "2007.11.01"]
[SourceQuality "1"]

1. e4 d5 2. exd5 Nf6 3. c4 e6 4. dxe6 Bxe6 5. Nf3 Qe7 6. Qe2 Nc6 7. d4 Bg4 8. Be3 0-0-0 9. d5 Ne5 10. Nc3 Qb4 11. a3 Qb3 12. h3 Bh5 13. Rc1 Nxf3+ 14. gxf3 Nd7 15. Nb5 Ne5 16. Nd4 Qb6 17. Bg2 Bc5 18. Nf5 Qg6 19. Nh4 Qf6 20. Bxc5 Rhe8 21. Be3 Qxh4 22. Qc2 Qf6 23. f4 Nf3+ 24. Bxf3 Bxf3 25. Rg1 g6 26. Kf1 Be4 27. Qd2 Qf5 28. Rg3 h5 29. h4 Bd3+ 30. Kg1 Qe4 1/2-1/2

[Event "Geller Memorial op-A 3rd"]
[Site "Odessa"]
[Date "2007.09.15"]
[Round "8"]
[White "Didenko, Sergei"]
[Black "Andreev, Volodymyr"]
[Result "0-1"]
[WhiteElo "2130"]
[BlackElo "1908"]
[PlyCount "78"]
[EventDate "2007.09.08"]
[EventType "swiss"]
[EventRounds "9"]
[EventCountry "UKR"]
[SourceTitle "CBM 120 Extra"]
[Source "ChessBase"]
[SourceDate "2007.11.01"]
[SourceVersion "1"]
[SourceVersionDate "2007.11.01"]
[SourceQuality "1"]

1. e4 c5 2. Nf3 Nc6 3. d4 cxd4 4. Nxd4 e5 5. Nb5 d6 6. Bg5 Qxg5 7. Nc7+ Kd8 8. Nxa8 Nf6 9. Nd2 Bg4 10. f3 Be6 11. a4 Be7 12. a5 Kd7 13. a6 b6 14. Nxb6+ axb6 15. Qe2 Nd4 16. Qd3 Ra8 17. c3 Nc6 18. Kf2 Kc7 19. h4 Qh6 20. g3 d5 21. b4 dxe4 22. Nxe4 Rd8 23. Qe2 Nxe4+ 24. Qxe4 f5 25. Qe3 f4 26. Qe4 fxg3+ 27. Kxg3 Bd5 28. Qg4 Rf8 29. a7 Qf4+ 30. Qxf4 exf4+ 31. Kg2 Ra8 32. Bd3 Ne5 33. Be2 Ng4 34. Bd3 Ne3+ 35. Kf2 h6 36. Ke2 Kb7 37. Rhc1 Nc4 38. Rd1 Ne3 39. Ba6+ Kc7 0-1

[Event "Geller Memorial op-A 3rd"]
[Site "Odessa"]
[Date "2007.09.14"]
[Round "7"]
[White "Kovaleva, Marianna"]
[Black "Didenko, Sergei"]
[Result "1-0"]
[WhiteElo "2042"]
[BlackElo "2130"]
[PlyCount "107"]
[EventDate "2007.09.08"]
[EventType "swiss"]
[EventRounds "9"]
[EventCountry "UKR"]
[SourceTitle "CBM 120 Extra"]
[Source "ChessBase"]
[SourceDate "2007.11.01"]
[SourceVersion "1"]
[SourceVersionDate "2007.11.01"]
[SourceQuality "1"]

1. c4 c5 2. Nc3 Nc6 3. Nf3 g6 4. g3 Bg7 5. Bg2 e6 6. 0-0 Nge7 7. d3 0-0 8. Bd2 h6 9. a3 d5 10. Rb1 dxc4 11. dxc4 Nd4 12. e3 Nxf3+ 13. Bxf3 Nc6 14. Bxc6 bxc6 15. Ne4 Qd3 16. Nxc5 Qxc4 17. Qc1 Qe2 18. e4 Kh7 19. Qd1 Qb5 20. Be3 e5 21. b4 Bh3 22. Re1 Rad8 23. Qb3 Qb8 24. f3 h5 25. Bg5 Rd4 26. Rbd1 Qd6 27. Be3 Rxd1 28. Qxd1 Rd8 29. Qxd6 Rxd6 30. Kf2 f5 31. Ke2 Bh6 32. Bxh6 Kxh6 33. Rd1 Rxd1 34. Kxd1 fxe4 35. Nxe4 Be6 36. Ke2 Kg7 37. Ke3 Ba2 38. Nc3 Be6 39. Ne4 Ba2 40. g4 Kf7 41. Nc3 Bb3 42. h4 Ke7 43. Ne4 Bf7 44. gxh5 gxh5 45. f4 exf4+ 46. Kxf4 Be6 47. Kg5 Bf7 48. Nf6 Kd6 49. Nxh5 c5 50. bxc5+ Kxc5 51. Nf4 Be8 52. Ng6 Kd6 53. Kf6 Kc5 54. h5 1-0

[Event "Geller Memorial op-A 3rd"]
[Site "Odessa"]
[Date "2007.09.13"]
[Round "6"]
[White "Didenko, Sergei"]
[Black "Cernetskiy, Mikola"]
[Result "0-1"]
[WhiteElo "2130"]
[BlackElo "2067"]
[PlyCount "94"]
[EventDate "2007.09.08"]
[EventType "swiss"]
[EventRounds "9"]
[EventCountry "UKR"]
[SourceTitle "CBM 120 Extra"]
[Source "ChessBase"]
[SourceDate "2007.11.01"]
[SourceVersion "1"]
[SourceVersionDate "2007.11.01"]
[SourceQuality "1"]

1. e4 Nc6 2. Nf3 d5 3. Nc3 d4 4. Ne2 e5 5. Ng3 Nf6 6. Bc4 Be7 7. d3 a6 8. 0-0 b5 9. Bb3 0-0 10. Qe2 Rb8 11. Bd2 Bd6 12. c3 Na5 13. cxd4 Nxb3 14. dxe5 Nxa1 15. exd6 cxd6 16. Rxa1 Bg4 17. h3 Be6 18. Nd4 Rc8 19. Ngf5 Bxf5 20. Nxf5 Rc2 21. Qd1 Rc6 22. Bc3 Re8 23. Qd2 h6 24. Qf4 d5 25. e5 Nh5 26. Qf3 Qg5 27. Nd6 Rf8 28. Qxd5 Rb6 29. Bd4 Rxd6 30. Qxd6 Nf4 31. g3 Rd8 32. Be3 Rxd6 33. Bxf4 Qd8 34. exd6 g5 35. Be3 Qxd6 36. Rd1 f5 37. f4 Qd5 38. Kf2 g4 39. hxg4 fxg4 40. Ke1 Qxa2 41. Rd2 Qd5 42. Bf2 b4 43. Kf1 b3 44. Ke2 h5 45. Ke1 a5 46. Ke2 a4 47. Rd1 Kf7 0-1

[Event "RUS Central Region-ch"]
[Site "Tula "]
[Date "2007.03.19"]
[Round "3"]
[White "Didenko, Sergei"]
[Black "Chuzhakin, Evgeny"]
[Result "1-0"]
[WhiteElo "2112"]
[BlackElo "2204"]
[PlyCount "107"]
[EventDate "2007.03.17"]
[EventType "swiss"]
[EventRounds "9"]
[EventCountry "RUS"]
[SourceTitle "EXT 2008"]
[Source "ChessBase"]
[SourceDate "2007.11.25"]
[SourceVersion "1"]
[SourceVersionDate "2007.11.25"]
[SourceQuality "1"]

1. e4 e5 2. Nf3 d5 3. exd5 e4 4. Qe2 Nf6 5. Nc3 Be7 6. Nxe4 Nxd5 7. g3 0-0 8. Bg2 Re8 9. 0-0 Bf8 10. c4 Nb4 11. d4 Bf5 12. Nh4 Bxe4 13. Bxe4 N8c6 14. d5 Nd4 15. Qg4 h5 16. Bh7+ Kxh7 17. Qxd4 g6 18. Qd1 a5 19. a3 Na6 20. b3 Bg7 21. Rb1 Re4 22. Nf3 Kg8 23. Be3 b6 24. Qd3 Re8 25. b4 axb4 26. axb4 Qd6 27. Bf4 Qf8 28. Bd2 Nb8 29. Nd4 Nd7 30. f4 Ra2 31. Rfe1 Rea8 32. Nb5 Qd8 33. Bc3 Bxc3 34. Qxc3 Nf6 35. Ra1 Ne4 36. Qe5 Nd2 37. Qe8+ Qxe8 38. Rxe8+ Rxe8 39. Rxa2 Nxc4 40. Nxc7 Re1+ 41. Kf2 Rh1 42. Ra8+ Kg7 43. Ne8+ Kh6 44. Rc8 Rxh2+ 45. Kg1 Re2 46. d6 Nxd6 47. Nxd6 Rb2 48. b5 f5 49. Rc6 h4 50. Nxf5+ Kh5 51. Nxh4 g5 52. fxg5 Kg4 53. Rxb6 Kxg3 54. Kf1 1-0

[Event "RUS Central Region-ch U16"]
[Site "Tula"]
[Date "2004.11.07"]
[Round "6"]
[White "Didenko, Sergei"]
[Black "Perekhodkin, Vladimir"]
[Result "0-1"]
[WhiteElo "1687"]
[BlackElo "2170"]
[PlyCount "94"]
[EventDate "2004.11.02"]
[EventType "swiss"]
[EventRounds "9"]
[EventCountry "RUS"]
[SourceTitle "EXT 2006"]
[Source "ChessBase"]
[SourceDate "2005.11.24"]
[SourceVersion "1"]
[SourceVersionDate "2005.11.24"]
[SourceQuality "1"]

1. a3 e6 2. Nf3 d5 3. e3 Nf6 4. c4 c6 5. Nc3 Nbd7 6. b4 Bd6 7. Bb2 a6 8. c5 Bc7 9. Qc2 0-0 10. Be2 e5 11. d3 Re8 12. e4 Nf8 13. Nd1 Ng6 14. g3 Kh8 15. h4 Ng4 16. Ng5 Nh6 17. Ne3 f6 18. Nh3 Ne7 19. g4 d4 20. Nf5 Nhxf5 21. gxf5 g6 22. fxg6 Nxg6 23. h5 Ne7 24. Qd2 a5 25. f3 axb4 26. axb4 Rxa1+ 27. Bxa1 Rg8 28. Nf2 Qf8 29. f4 Rg2 30. Bf1 Rg3 31. Bh3 Bxh3 32. Nxh3 Qg8 33. Bb2 Re3+ 34. Kd1 Qg4+ 35. Kc1 Rxh3 36. Rxh3 Qxh3 37. fxe5 fxe5 38. Qf2 Qe3+ 39. Qxe3 dxe3 40. Kd1 Ng8 41. d4 Nf6 42. Ke2 Nxe4 43. Kxe3 Ng3 44. dxe5 Kg8 45. Kf4 Nxh5+ 46. Kg5 Ng7 47. Kf6 Bd8# 0-1